[Event "2. Bundesliga West 2016/17"]
[Site "Maeder"]
[Date "2016.11.27"]
[Round "6"]
[Board "3"]
[White "Hausner, Ivan"]
[Black "Riediger, Martin"]
[Result "1-0"]
[WhiteElo "2360"]
[BlackElo "2288"]
[PlyCount "51"]
[EventDate "2016.10.28"]
[EventType "team"]
[EventRounds "11"]
[EventCountry "AUT"]
[WhiteTeam "Zillertal"]
[BlackTeam "Ranshofen"]

1. c4 c6 2. e4 e5 3. Nf3 Nf6 4. Nc3 d6 5. d4 Nbd7 6. g3 Be7 7. Bg2 Qc7 8. O-O
Nh5 9. Be3 O-O 10. Nxe5 Nxg3 11. Nxc6 Qxc6 12. hxg3 Qxc4 13. Rc1 Bd8 14. Bf4
Qa6 15. Qb3 g5 16. Be3 Qb6 17. Qa3 h6 18. Nd5 Qa6 19. Qxa6 bxa6 20. Rc6 Nb6 21.
Nxb6 Bxb6 22. Rxd6 Kg7 23. e5 Rb8 24. Rc1 Be6 25. d5 Bxe3 26. fxe3 1-0

[Event "2. Bundesliga West 2016/17"]
[Site "Maeder"]
[Date "2016.11.27"]
[Round "6"]
[Board "4"]
[White "Ager, Josef"]
[Black "Maiwald, Jens-Uwe"]
[Result "0-1"]
[WhiteElo "2144"]
[BlackElo "2448"]
[PlyCount "40"]
[EventDate "2016.10.28"]
[EventType "team"]
[EventRounds "11"]
[EventCountry "AUT"]
[WhiteTeam "Ranshofen"]
[BlackTeam "Zillertal"]

1. Nf3 g6 2. d4 Bg7 3. e3 Nf6 4. b3 c5 5. Bb2 O-O 6. c4 cxd4 7. Nxd4 d5 8. Nc3
a6 9. cxd5 Nxd5 10. Qd2 Nxc3 11. Bxc3 e5 12. Nf3 Nc6 13. Qxd8 Rxd8 14. Rc1 Bf5
15. Be2 Rac8 16. O-O e4 17. Nh4 Bxc3 18. Nxf5 gxf5 19. Rxc3 Nd4 20. Bc4 Ne2+
 0-1

[Event "2. Bundesliga West 2016/17"]
[Site "Maeder"]
[Date "2016.11.27"]
[Round "6"]
[Board "5"]
[White "Tabernig, Bernhard"]
[Black "Kuecher, Wolfgang"]
[Result "1-0"]
[WhiteElo "2330"]
[BlackElo "2122"]
[PlyCount "77"]
[EventDate "2016.10.28"]
[EventType "team"]
[EventRounds "11"]
[EventCountry "AUT"]
[WhiteTeam "Zillertal"]
[BlackTeam "Ranshofen"]

1. d4 Nf6 2. c4 e6 3. Nc3 Bb4 4. Qc2 c5 5. dxc5 Na6 6. a3 Bxc3+ 7. Qxc3 Nxc5 8.
b4 Na6 9. Nf3 d5 10. e3 O-O 11. Bb2 dxc4 12. Bxc4 Bd7 13. Qe5 Rc8 14. Rc1 Qc7
15. Qg5 h6 16. Qh4 Bb5 17. Bxf6 gxf6 18. Qxh6 Bxc4 19. h4 Nxb4 20. axb4 Qd6 21.
Rh3 Bd3 22. Rg3+ Qxg3 23. fxg3 Rxc1+ 24. Kd2 Rfc8 25. Kxd3 R8c3+ 26. Ke4 Rc4+
27. Nd4 e5 28. Qxf6 exd4 29. exd4 Rc8 30. h5 Re1+ 31. Kd3 Re6 32. Qg5+ Kh7 33.
Qf5+ Kg8 34. g4 Rce8 35. Qf3 R8e7 36. g5 Ra6 37. Qf5 Ra3+ 38. Kc4 Rc7+ 39. Kd5
 1-0

[Event "2. Bundesliga West 2016/17"]
[Site "Maeder"]
[Date "2016.11.27"]
[Round "6"]
[Board "6"]
[White "Schwarzmeier, Klaus"]
[Black "Schiestl, Josef"]
[Result "1/2-1/2"]
[WhiteElo "2138"]
[BlackElo "2123"]
[PlyCount "36"]
[EventDate "2016.10.28"]
[EventType "team"]
[EventRounds "11"]
[EventCountry "AUT"]
[WhiteTeam "Ranshofen"]
[BlackTeam "Zillertal"]

1. c4 Nf6 2. g3 g6 3. Bg2 Bg7 4. Nf3 O-O 5. O-O a6 6. Nc3 Nc6 7. Rb1 d5 8. cxd5
Nxd5 9. Nxd5 Qxd5 10. b3 Bf5 11. d3 Qd7 12. Bb2 e5 13. Ng5 Rad8 14. Qc2 Nb8 15.
Rfd1 b6 16. b4 Rc8 17. Bb7 Rcd8 18. Bg2 Rc8 1/2-1/2

[Event "2. Bundesliga West 2016/17"]
[Site "Maeder"]
[Date "2016.11.27"]
[Round "6"]
[Board "1"]
[White "Fedorovsky, Michael"]
[Black "Froewis, Georg"]
[Result "0-1"]
[WhiteElo "2497"]
[BlackElo "2463"]
[PlyCount "78"]
[EventDate "2016.10.28"]
[EventType "team"]
[EventRounds "11"]
[EventCountry "AUT"]
[WhiteTeam "Jenbach 2"]
[BlackTeam "Hohenems II"]

1. d4 d5 2. c4 e6 3. Nf3 Nf6 4. Nc3 c6 5. Bg5 dxc4 6. e4 b5 7. a4 a6 8. axb5
cxb5 9. Nxb5 axb5 10. Rxa8 Bb7 11. Ra1 h6 12. Bd2 Nxe4 13. Be2 Nc6 14. O-O Qd7
15. Be3 Be7 16. Ne1 O-O 17. Bf3 Rd8 18. Nc2 f5 19. Re1 Bf6 20. Bxe4 fxe4 21.
Qg4 e5 22. dxe5 Nxe5 23. Qg3 Nd3 24. Red1 Bxb2 25. Rab1 Be5 26. Qg6 Qc6 27. Qh5
Rd5 28. Qh4 Qf6 29. Qg4 Qd6 30. h3 Bc6 31. Qc8+ Kh7 32. Qg4 Qg6 33. Qe2 Bd7 34.
Kf1 Bh2 35. Bd2 Bxh3 36. Ne3 Rg5 37. f3 Nf4 38. Qf2 Bxg2+ 39. Nxg2 Rxg2 0-1

[Event "2. Bundesliga West 2016/17"]
[Site "Maeder"]
[Date "2016.11.27"]
[Round "6"]
[Board "2"]
[White "Breder, Dennis"]
[Black "Lehner, Oliver"]
[Result "1/2-1/2"]
[WhiteElo "2473"]
[BlackElo "2407"]
[PlyCount "107"]
[EventDate "2016.10.28"]
[EventType "team"]
[EventRounds "11"]
[EventCountry "AUT"]
[WhiteTeam "Hohenems II"]
[BlackTeam "Jenbach 2"]

1. e4 e5 2. Nf3 Nc6 3. Bb5 a6 4. Ba4 Nf6 5. O-O Be7 6. Bxc6 dxc6 7. d3 Nd7 8.
b3 Bd6 9. Bb2 c5 10. Nbd2 O-O 11. Nc4 f6 12. Nfd2 Nb8 13. f4 exf4 14. Nxd6 cxd6
15. Rxf4 Nc6 16. Nc4 Ne7 17. Qh5 d5 18. exd5 Qxd5 19. Rh4 Qxh5 20. Rxh5 b5 21.
Nd2 Nf5 22. Ne4 c4 23. dxc4 bxc4 24. Re1 cxb3 25. axb3 Rd8 26. Rh3 Bb7 27. Nc5
Bc6 28. Rf1 Rd2 29. Rf2 Rd1+ 30. Rf1 Rad8 31. Nd3 Rxf1+ 32. Kxf1 Be4 33. g4 Nd4
34. Bxd4 Rxd4 35. Rg3 a5 36. h3 Bxd3+ 37. Rxd3 Rxd3 38. cxd3 Kf7 39. Ke2 Ke6
40. Ke3 Ke5 41. d4+ Kd5 42. h4 g6 43. h5 gxh5 44. gxh5 h6 45. Kd3 f5 46. Ke3
f4+ 47. Kxf4 Kxd4 48. Kf5 Kc3 49. Kg6 Kxb3 50. Kxh6 a4 51. Kg7 a3 52. h6 a2 53.
h7 a1=Q+ 54. Kg8 1/2-1/2

[Event "2. Bundesliga West 2016/17"]
[Site "Maeder"]
[Date "2016.11.27"]
[Round "6"]
[Board "3"]
[White "Micheli, Carlo"]
[Black "Baenziger, Fabian"]
[Result "1/2-1/2"]
[WhiteElo "2242"]
[BlackElo "2314"]
[PlyCount "72"]
[EventDate "2016.10.28"]
[EventType "team"]
[EventRounds "11"]
[EventCountry "AUT"]
[WhiteTeam "Jenbach 2"]
[BlackTeam "Hohenems II"]

1. e4 e6 2. d4 d5 3. Nc3 Nf6 4. Bg5 Bb4 5. e5 h6 6. Be3 Ne4 7. Nge2 O-O 8. a3
Nxc3 9. bxc3 Ba5 10. Qd2 Nd7 11. Nc1 c5 12. dxc5 Nxe5 13. Nb3 Bc7 14. Be2 Qh4
15. Qd4 Qe7 16. O-O Rd8 17. f4 Ng6 18. g3 b6 19. Bf2 e5 20. fxe5 Bxe5 21. Qd2
Bxc3 22. Qxc3 Qxe2 23. cxb6 axb6 24. Bxb6 Rd6 25. Bd4 f6 26. Qc7 Rd7 27. Qc6
Qa6 28. Qc3 Qc4 29. Rf3 Re7 30. Qxc4 dxc4 31. Nd2 Ra4 32. Kf2 Bg4 33. Re3 Bf5
34. Rc3 Rd7 35. Ke3 Re7+ 36. Kf2 Rd7 1/2-1/2

[Event "2. Bundesliga West 2016/17"]
[Site "Maeder"]
[Date "2016.11.27"]
[Round "6"]
[Board "4"]
[White "Burschowsky, Matthias"]
[Black "Hoellrigl, Wilfried"]
[Result "1-0"]
[WhiteElo "2195"]
[BlackElo "2151"]
[PlyCount "77"]
[EventDate "2016.10.28"]
[EventType "team"]
[EventRounds "11"]
[EventCountry "AUT"]
[WhiteTeam "Hohenems II"]
[BlackTeam "Jenbach 2"]

1. c4 g6 2. Nc3 Bg7 3. Nf3 d6 4. g3 e5 5. d4 exd4 6. Nxd4 Ne7 7. Bg2 O-O 8. O-O
Nbc6 9. Nxc6 Nxc6 10. Qd2 Be6 11. b3 Qd7 12. Re1 Bh3 13. Bh1 Rae8 14. Bb2 f5
15. Nd5 f4 16. Bxg7 fxg3 17. Bxf8 gxf2+ 18. Kxf2 Rxf8+ 19. Bf3 Ne5 20. Qg5 Qf7
21. Qg3 Bg4 22. Kg2 Nxf3 23. exf3 Bxf3+ 24. Kg1 Qg7 25. Rad1 Bxd1 26. Rxd1 Rf5
27. Qh4 g5 28. Qg4 Rf8 29. Re1 h6 30. Qe4 Qf7 31. Qe6 c6 32. Nf6+ Kg7 33. Ne8+
Kg8 34. Nxd6 Qxe6 35. Rxe6 Kg7 36. Nxb7 Rf4 37. Rxc6 Re4 38. Nc5 Re2 39. Ra6
 1-0

[Event "2. Bundesliga West 2016/17"]
[Site "Maeder"]
[Date "2016.11.27"]
[Round "6"]
[Board "5"]
[White "Czoeppan, Thomas"]
[Black "Atlas, Dmitry"]
[Result "1/2-1/2"]
[WhiteElo "2098"]
[BlackElo "2218"]
[PlyCount "49"]
[EventDate "2016.10.28"]
[EventType "team"]
[EventRounds "11"]
[EventCountry "AUT"]
[WhiteTeam "Jenbach 2"]
[BlackTeam "Hohenems II"]

1. c4 c6 2. Nf3 d5 3. cxd5 cxd5 4. d4 Nc6 5. Nc3 Nf6 6. Bf4 e6 7. a3 Be7 8. e3
O-O 9. Bd3 b6 10. Ne5 Bb7 11. O-O Rc8 12. Nxc6 Rxc6 13. Bb5 Rc8 14. Qe2 Bd6 15.
Bg5 Qe7 16. Rfc1 Bb8 17. f4 Bd6 18. Bd3 Rfd8 19. Nb5 Bb8 20. Rxc8 Rxc8 21. Nc3
Bd6 22. Nb5 Bb8 23. Nc3 Bd6 24. Nb5 Bb8 25. Nc3 1/2-1/2

[Event "2. Bundesliga West 2016/17"]
[Site "Maeder"]
[Date "2016.11.27"]
[Round "6"]
[Board "6"]
[White "Heinrici, Simon"]
[Black "Stangl, Anita"]
[Result "1-0"]
[WhiteElo "2099"]
[BlackElo "2071"]
[PlyCount "71"]
[EventDate "2016.10.28"]
[EventType "team"]
[EventRounds "11"]
[EventCountry "AUT"]
[WhiteTeam "Hohenems II"]
[BlackTeam "Jenbach 2"]

1. e4 e6 2. d4 d5 3. Nc3 Nf6 4. e5 Nfd7 5. f4 c5 6. Nf3 Nc6 7. Be3 Qb6 8. Na4
Qa5+ 9. c3 cxd4 10. b4 Nxb4 11. cxb4 Bxb4+ 12. Bd2 Bxd2+ 13. Nxd2 b5 14. Nb2
Qc3 15. Nd3 O-O 16. Kf2 f6 17. Nb3 Qc7 18. exf6 Nxf6 19. g3 g5 20. Ke1 gxf4 21.
gxf4 Ne4 22. Rc1 Qe7 23. Rg1+ Kh8 24. Qh5 Rf5 25. Qh6 Qf7 26. Rg2 Qf6 27. Qxf6+
Rxf6 28. Rc7 Nd6 29. Rgg7 h6 30. Rh7+ Kg8 31. Rcg7+ Kf8 32. Ne5 Ke8 33. Ng6 Kd8
34. Bxb5 Rf8 35. Nxf8 Nxb5 36. Nxe6+ 1-0

[Event "2. Bundesliga West 2016/17"]
[Site "Maeder"]
[Date "2016.11.27"]
[Round "6"]
[Board "1"]
[White "Imnadze, Nato"]
[Black "Novkovic, Milan"]
[Result "1/2-1/2"]
[WhiteElo "2261"]
[BlackElo "2371"]
[PlyCount "58"]
[EventDate "2016.10.28"]
[EventType "team"]
[EventRounds "11"]
[EventCountry "AUT"]
[WhiteTeam "Pradl"]
[BlackTeam "Dornbirn"]

1. e4 c5 2. Nc3 a6 3. g4 e5 4. d3 d6 5. Bg2 Nc6 6. h3 Nge7 7. Nge2 Ng6 8. Ng3
Nd4 9. Nd5 Ne6 10. Nh5 Bd7 11. O-O Bc6 12. c3 Bxd5 13. exd5 Nef4 14. Bxf4 Nxf4
15. Nxf4 exf4 16. Qa4+ b5 17. Qxf4 Be7 18. a4 O-O 19. axb5 axb5 20. Rxa8 Qxa8
21. Re1 Qa7 22. h4 b4 23. g5 bxc3 24. bxc3 Rb8 25. h5 g6 26. Bh3 Qc7 27. Re3
Bf8 28. h6 Rb3 29. Bf1 Qd8 1/2-1/2

[Event "2. Bundesliga West 2016/17"]
[Site "Maeder"]
[Date "2016.11.27"]
[Round "6"]
[Board "2"]
[White "Schmidlechner, Alexander"]
[Black "Eybl, Alexander"]
[Result "1/2-1/2"]
[WhiteElo "2201"]
[BlackElo "2277"]
[PlyCount "60"]
[EventDate "2016.10.28"]
[EventType "team"]
[EventRounds "11"]
[EventCountry "AUT"]
[WhiteTeam "Dornbirn"]
[BlackTeam "Pradl"]

1. d4 Nf6 2. c4 e6 3. Nf3 Bb4+ 4. Bd2 a5 5. Nc3 O-O 6. g3 d5 7. cxd5 exd5 8.
Bg2 c6 9. O-O Nbd7 10. Bf4 Re8 11. a3 Bxc3 12. bxc3 Ne4 13. Qc1 Nb6 14. Ne5 f6
15. Nd3 Nc4 16. Nb2 Ned6 17. Bxd6 Nxd6 18. Re1 Be6 19. Nd3 Bf7 20. Nf4 a4 21.
e3 Re7 22. Bf1 b5 23. Nd3 Qc7 24. Nc5 Bg6 25. Bd3 Bxd3 26. Nxd3 Rae8 27. Ra2
Qc8 28. Kg2 Qf5 29. Nc5 h5 30. Qb1 Qxb1 1/2-1/2

[Event "2. Bundesliga West 2016/17"]
[Site "Maeder"]
[Date "2016.11.27"]
[Round "6"]
[Board "3"]
[White "Doskocil, Klaus"]
[Black "Leutwyler, Martin"]
[Result "1-0"]
[WhiteElo "2211"]
[BlackElo "2164"]
[PlyCount "61"]
[EventDate "2016.10.28"]
[EventType "team"]
[EventRounds "11"]
[EventCountry "AUT"]
[WhiteTeam "Pradl"]
[BlackTeam "Dornbirn"]

1. e4 c6 2. d4 d5 3. exd5 cxd5 4. Bd3 Nc6 5. Nf3 Bg4 6. c3 Qc7 7. O-O e6 8. Re1
Bd6 9. h3 Bh5 10. Nbd2 Nf6 11. Nf1 Bg6 12. Be3 Bxd3 13. Qxd3 O-O 14. N1d2 Rab8
15. a4 a6 16. b4 Rfc8 17. Rec1 Ne8 18. Nb3 Bf4 19. Nc5 Bxe3 20. fxe3 Nd6 21. b5
Ne7 22. Ne5 axb5 23. axb5 Ra8 24. Rxa8 Rxa8 25. Rb1 Nec8 26. e4 Nxe4 27. Nxe4
dxe4 28. Qxe4 Qxc3 29. Qxb7 Qxd4+ 30. Kh1 Qa7 31. Rd1 1-0

[Event "2. Bundesliga West 2016/17"]
[Site "Maeder"]
[Date "2016.11.27"]
[Round "6"]
[Board "4"]
[White "Novkovic, Julia"]
[Black "Sucher, Johannes"]
[Result "1-0"]
[WhiteElo "2135"]
[BlackElo "2122"]
[PlyCount "129"]
[EventDate "2016.10.28"]
[EventType "team"]
[EventRounds "11"]
[EventCountry "AUT"]
[WhiteTeam "Dornbirn"]
[BlackTeam "Pradl"]

1. e4 d5 2. exd5 Nf6 3. d4 Bg4 4. f3 Bf5 5. Ne2 Nxd5 6. Ng3 Bg6 7. c4 Nb4 8.
Na3 e5 9. dxe5 Nd7 10. f4 Qh4 11. Qf3 O-O-O 12. Be2 Bc5 13. Be3 Nd3+ 14. Bxd3
Bxd3 15. Bxc5 Nxc5 16. O-O-O Rd4 17. Nf5 Qxf4+ 18. Qxf4 Rxf4 19. Ne7+ Kd7 20.
Nd5 Rd4 21. b3 c6 22. Nc2 cxd5 23. Nxd4 dxc4 24. bxc4 Bxc4 25. Nb3+ Kc6 26. Kc2
Rc8 27. Rd6+ Kb5 28. Nxc5 Rxc5 29. a4+ Ka5 30. Kc3 Bb5+ 31. Kd4 Rc4+ 32. Kd5
Rxa4 33. Rd1 Bc6+ 34. Rxc6 bxc6+ 35. Kxc6 Rb4 36. Rd7 Rb6+ 37. Kd5 Rb5+ 38. Ke4
f6 39. exf6 gxf6 40. Rxa7+ Kb4 41. Rxh7 Rg5 42. g3 Re5+ 43. Kf4 Re2 44. Kf3 Rd2
45. h4 Kc5 46. Rf7 Rd1 47. h5 Rf1+ 48. Kg2 Rf5 49. g4 Rf4 50. Kg3 Rf1 51. h6
Kd5 52. h7 Rh1 53. Rxf6 Rxh7 54. Kf4 Rg7 55. Kf5 Rg8 56. g5 Rg7 57. Rf8 Kd4 58.
Kf6 Ra7 59. Re8 Ra6+ 60. Kf7 Ra5 61. g6 Rf5+ 62. Kg8 Kd5 63. g7 Rf3 64. Rf8 Rg3
65. Kf7 1-0

[Event "2. Bundesliga West 2016/17"]
[Site "Maeder"]
[Date "2016.11.27"]
[Round "6"]
[Board "5"]
[White "Lins, Philipp"]
[Black "Ruescher, Christian"]
[Result "1-0"]
[WhiteElo "2131"]
[BlackElo "2058"]
[PlyCount "73"]
[EventDate "2016.10.28"]
[EventType "team"]
[EventRounds "11"]
[EventCountry "AUT"]
[WhiteTeam "Pradl"]
[BlackTeam "Dornbirn"]

1. Nf3 d5 2. c4 c6 3. g3 e6 4. Bg2 Nf6 5. O-O Nbd7 6. d4 Bd6 7. Nc3 O-O 8. Nd2
Qa5 9. e4 e5 10. cxd5 c5 11. Nc4 Qa6 12. Nxd6 Qxd6 13. dxe5 Qxe5 14. f4 Qd4+
15. Qxd4 cxd4 16. Nb5 d3 17. Rd1 Nc5 18. e5 Bg4 19. Re1 Nfd7 20. h3 Be2 21. Nc3
Rac8 22. Bd2 Nb6 23. Nxe2 dxe2 24. Rxe2 Nd3 25. Be3 Nb4 26. Bxb6 axb6 27. a3
Rc2 28. Rxc2 Nxc2 29. Rc1 Nd4 30. Rc4 Nb3 31. Rc3 Nd4 32. Kf2 g5 33. Ke3 Nb5
34. Rb3 gxf4+ 35. gxf4 Nd6 36. exd6 Re8+ 37. Kd4 1-0

[Event "2. Bundesliga West 2016/17"]
[Site "Maeder"]
[Date "2016.11.27"]
[Round "6"]
[Board "6"]
[White "Gsteu, Peter"]
[Black "Praxmarer, Christian"]
[Result "1/2-1/2"]
[WhiteElo "2061"]
[BlackElo "1956"]
[PlyCount "88"]
[EventDate "2016.10.28"]
[EventType "team"]
[EventRounds "11"]
[EventCountry "AUT"]
[WhiteTeam "Dornbirn"]
[BlackTeam "Pradl"]

1. d4 e6 2. Nf3 f5 3. Bf4 Nf6 4. e3 b6 5. Be2 Be7 6. O-O Bb7 7. c4 O-O 8. Nc3
Nh5 9. Ne5 Nxf4 10. exf4 d6 11. Bf3 c6 12. Nd3 Bf6 13. Nb4 Qc7 14. Nc2 Nd7 15.
Qd2 e5 16. g3 Rac8 17. Rad1 e4 18. Be2 a6 19. Ne3 g6 20. d5 c5 21. Rfe1 Bg7 22.
Kg2 Qd8 23. f3 exf3+ 24. Bxf3 Qf6 25. Nc2 Rce8 26. Rxe8 Rxe8 27. Re1 Rxe1 28.
Qxe1 Kf8 29. Qe2 Qe7 30. Kf2 Qxe2+ 31. Kxe2 Ke7 32. Kd3 Kd8 33. a4 Nf6 34. Ne3
Bc8 35. b3 Bd7 36. Nf1 Ng4 37. Nd1 b5 38. axb5 axb5 39. h3 Nh6 40. Bg2 Ke7 41.
Nd2 Nf7 42. Nf3 Bf6 43. Nc3 b4 44. Ne2 Ba1 1/2-1/2

[Event "2. Bundesliga West 2016/17"]
[Site "Maeder"]
[Date "2016.11.27"]
[Round "6"]
[Board "1"]
[White "Mons, Leon"]
[Black "Gretz, Denis"]
[Result "1-0"]
[WhiteElo "2461"]
[BlackElo "2339"]
[PlyCount "81"]
[EventDate "2016.10.28"]
[EventType "team"]
[EventRounds "11"]
[EventCountry "AUT"]
[WhiteTeam "SIR Bernhard 1"]
[BlackTeam "Goetzis 2"]

1. e4 c5 2. Nf3 d6 3. c3 Nf6 4. Bd3 g6 5. Bc2 Bg7 6. O-O O-O 7. d4 Nc6 8. Nbd2
b6 9. a3 Ne8 10. d5 Ne5 11. Nxe5 Bxe5 12. Nc4 Bg7 13. a4 a6 14. Bf4 Bb7 15. Qe2
Nf6 16. Rab1 b5 17. Na3 b4 18. Nc4 a5 19. h3 Nd7 20. Bd3 Ba6 21. Rfc1 Qb8 22.
cxb4 cxb4 23. Nd2 Bxd3 24. Qxd3 Qb7 25. Nb3 h6 26. Rc2 g5 27. Be3 Ne5 28. Qe2
Qd7 29. Nd4 Qxa4 30. Rc7 Rac8 31. Rxe7 Qa2 32. Rd1 Nc4 33. Bc1 a4 34. Nf5 a3
35. Qh5 axb2 36. Bxg5 b1=Q 37. Rxb1 Qxb1+ 38. Kh2 Ne5 39. Bxh6 Rc1 40. Bxg7
Rh1+ 41. Kg3 1-0

[Event "2. Bundesliga West 2016/17"]
[Site "Maeder"]
[Date "2016.11.27"]
[Round "6"]
[Board "2"]
[White "Anistratov, Dmitrij"]
[Black "Prusikin, Michael"]
[Result "0-1"]
[WhiteElo "2304"]
[BlackElo "2530"]
[PlyCount "142"]
[EventDate "2016.10.28"]
[EventType "team"]
[EventRounds "11"]
[EventCountry "AUT"]
[WhiteTeam "Goetzis 2"]
[BlackTeam "SIR Bernhard 1"]

1. Nf3 Nf6 2. g3 d5 3. Bg2 Nbd7 4. O-O e5 5. d3 Bd6 6. Nc3 c6 7. e4 O-O 8. Bg5
h6 9. Bd2 Re8 10. Re1 Nf8 11. b4 Ng6 12. Rb1 Bg4 13. Na4 b6 14. Nc3 Rc8 15. a4
a6 16. Qc1 Qd7 17. Nd1 d4 18. c4 dxc3 19. Bxc3 c5 20. b5 axb5 21. Rxb5 Bc7 22.
Nb2 Qd8 23. Rb3 Ra8 24. Qa1 Nh7 25. Ra3 Qf6 26. Re3 Re6 27. Nc4 Ng5 28. Nxg5
hxg5 29. Re1 Ree8 30. Ne3 Bd7 31. Nd5 Qd8 32. Qc1 g4 33. a5 b5 34. Nxc7 Qxc7
35. Bd2 Rec8 36. Rc3 b4 37. Rc2 Qxa5 38. Be3 b3 39. Rb2 Be6 40. Bd2 Qd8 41. Bf1
Ra2 42. Qc3 Qd4 43. Reb1 Rxb2 44. Rxb2 Qxc3 45. Bxc3 f6 46. Be2 Ra8 47. Rb1 Ne7
48. Bd1 Rb8 49. Kf1 Nc6 50. Ke1 Nd4 51. Rb2 Kf7 52. Kd2 Ke7 53. Rb1 Kd6 54. Rb2
Rb7 55. Rb1 Nb5 56. Rb2 Nd4 57. Rb1 Rb6 58. Rb2 g6 59. Ke3 f5 60. f4 gxf3 61.
Bxf3 Nb5 62. Kd2 Nxc3 63. Kxc3 f4 64. gxf4 exf4 65. h4 Ke5 66. Bd1 Rb8 67. Bf3
Ra8 68. h5 gxh5 69. Bxh5 Ra2 70. Bd1 Rxb2 71. Kxb2 Kd4 0-1

[Event "2. Bundesliga West 2016/17"]
[Site "Maeder"]
[Date "2016.11.27"]
[Round "6"]
[Board "3"]
[White "Hilverda, Alexander"]
[Black "Mittelberger, Peter"]
[Result "0-1"]
[WhiteElo "2392"]
[BlackElo "2143"]
[PlyCount "104"]
[EventDate "2016.10.28"]
[EventType "team"]
[EventRounds "11"]
[EventCountry "AUT"]
[WhiteTeam "SIR Bernhard 1"]
[BlackTeam "Goetzis 2"]

1. d4 d6 2. Nf3 g6 3. c4 Bg7 4. Nc3 Nc6 5. e4 e5 6. d5 Nce7 7. Be2 f5 8. exf5
Bxf5 9. Ng5 h6 10. Nge4 Nf6 11. Nxf6+ Bxf6 12. g4 Bd7 13. Ne4 Bg7 14. Be3 b6
15. h4 Ng8 16. Qc2 Qe7 17. Ng3 Qf7 18. O-O-O O-O-O 19. Kb1 Kb8 20. Rhf1 Nf6 21.
f3 Rdf8 22. Bd3 Be8 23. b4 e4 24. Nxe4 Nxe4 25. Bxe4 Qe7 26. Qf2 c5 27. dxc6 d5
28. Bc2 Qxb4+ 29. Bb3 Bxc6 30. cxd5 Bb5 31. Bd4 Bxd4 32. Rxd4 Qc3 33. Rfd1 Rxf3
34. Qc2 Qxc2+ 35. Bxc2 g5 36. h5 Bd7 37. Re1 Rf4 38. Rxf4 gxf4 39. Bg6 Bxg4 40.
Kc2 Rd8 41. Bf7 f3 42. Rf1 Kc7 43. Kd2 Rf8 44. Bg6 Kd6 45. Ke3 f2 46. Rxf2 Rxf2
47. Kxf2 Kxd5 48. Kg3 Be6 49. Kf4 Kd6 50. a3 Ke7 51. Ke5 Bf7 52. Bxf7 Kxf7 0-1

[Event "2. Bundesliga West 2016/17"]
[Site "Maeder"]
[Date "2016.11.27"]
[Round "6"]
[Board "4"]
[White "Kranz, Armin"]
[Black "Durakovic, Alman"]
[Result "0-1"]
[WhiteElo "2071"]
[BlackElo "2280"]
[PlyCount "98"]
[EventDate "2016.10.28"]
[EventType "team"]
[EventRounds "11"]
[EventCountry "AUT"]
[WhiteTeam "Goetzis 2"]
[BlackTeam "SIR Bernhard 1"]

1. d4 Nf6 2. c4 e6 3. Nf3 b6 4. g3 Bb7 5. Bg2 g6 6. O-O Bg7 7. Nc3 Ne4 8. Nxe4
Bxe4 9. Bg5 Qc8 10. Qd2 O-O 11. Bh6 d6 12. Bxg7 Kxg7 13. Rfd1 Qb7 14. d5 Bxf3
15. exf3 e5 16. b4 Nd7 17. Rab1 Qc8 18. f4 exf4 19. Qxf4 a5 20. a3 axb4 21.
axb4 Qd8 22. Bh3 Ne5 23. c5 Ra3 24. Bg2 Qf6 25. cxb6 cxb6 26. Qd4 b5 27. f4 Nc4
28. Bf1 Ne3 29. Qxf6+ Kxf6 30. Rd3 Rxd3 31. Bxd3 Nxd5 32. Rd1 Rd8 33. Bxg6 Ne3
34. Rd3 hxg6 35. Rxe3 Rc8 36. Re4 Rc1+ 37. Kf2 Rc2+ 38. Re2 Rc4 39. Rd2 Ke6 40.
Rb2 d5 41. Kf3 Rc3+ 42. Kg4 d4 43. f5+ Kd5 44. fxg6 fxg6 45. Kf4 Kc4 46. h4 Rc1
47. Re2 d3 48. Re4+ Kc3 49. Re3 Kc2 0-1

[Event "2. Bundesliga West 2016/17"]
[Site "Maeder"]
[Date "2016.11.27"]
[Round "6"]
[Board "5"]
[White "Grimberg, Boris"]
[Black "Ferk, Martin"]
[Result "1-0"]
[WhiteElo "2339"]
[BlackElo "1915"]
[PlyCount "71"]
[EventDate "2016.10.28"]
[EventType "team"]
[EventRounds "11"]
[EventCountry "AUT"]
[WhiteTeam "SIR Bernhard 1"]
[BlackTeam "Goetzis 2"]

1. e4 e6 2. d4 d5 3. Nd2 dxe4 4. Nxe4 Nd7 5. Nf3 Ngf6 6. Nxf6+ Nxf6 7. c3 c5 8.
Ne5 a6 9. Be3 Qc7 10. Bd3 Bd6 11. Qa4+ Bd7 12. Nxd7 Nxd7 13. dxc5 Bxc5 14. Bxc5
Qxc5 15. O-O O-O-O 16. Rad1 Ne5 17. Be4 f5 18. Bc2 Ng4 19. h3 Rxd1 20. Bxd1 Nf6
21. Bb3 Re8 22. Qh4 h6 23. Rd1 Qe7 24. Qd4 Ne4 25. Bc2 Nf6 26. Re1 Qd7 27. Qa7
Qd2 28. Qc5+ Kb8 29. Qe5+ Ka8 30. Ba4 b5 31. Rd1 Qxb2 32. Bb3 Qa3 33. Bxe6 Qe7
34. Rd6 Ka7 35. Qc5+ Kb8 36. Rb6+ 1-0

[Event "2. Bundesliga West 2016/17"]
[Site "Maeder"]
[Date "2016.11.27"]
[Round "6"]
[Board "6"]
[White "Khachatouri, Saro"]
[Black "Wieneroiter, Gerald"]
[Result "0-1"]
[WhiteElo "1832"]
[BlackElo "2120"]
[PlyCount "136"]
[EventDate "2016.10.28"]
[EventType "team"]
[EventRounds "11"]
[EventCountry "AUT"]
[WhiteTeam "Goetzis 2"]
[BlackTeam "SIR Bernhard 1"]

1. e4 c6 2. d4 d5 3. Nc3 dxe4 4. Nxe4 Bf5 5. Ng3 Bg6 6. Nf3 Nd7 7. Bd3 Bxd3 8.
Qxd3 Ngf6 9. O-O e6 10. Bf4 Be7 11. c4 O-O 12. Rfe1 a5 13. Rad1 a4 14. a3 Qb6
15. Qc2 Rfd8 16. Ne2 Qa6 17. h3 Nb6 18. Bc7 Re8 19. Bxb6 Qxb6 20. Nc3 Qa6 21.
Qe2 b5 22. cxb5 cxb5 23. Nxb5 Nd5 24. Rc1 Rec8 25. Rxc8+ Rxc8 26. Ne5 Rb8 27.
Nc3 Qxe2 28. Rxe2 Nxc3 29. bxc3 Rb1+ 30. Kh2 Bxa3 31. Nc4 Bf8 32. Ra2 a3 33.
Nxa3 Rb3 34. Nc4 Rxc3 35. Ne5 f6 36. Nf3 Bd6+ 37. Kh1 Rc1+ 38. Ng1 Rd1 39. Ra4
Rd2 40. Nf3 Rxf2 41. Kg1 Bg3 42. Ra3 Rb2 43. Kf1 Rb6 44. Ng5 Bb8 45. Ne4 Kf7
46. Ke2 f5 47. Nc5 Rc6 48. Ra8 Bd6 49. Ra7+ Rc7 50. Rxc7+ Bxc7 51. Kf3 Bb6 52.
Nb3 Ke7 53. g4 g6 54. Kf4 Kd6 55. gxf5 gxf5 56. Ke3 e5 57. Kd3 Bxd4 58. Nxd4
exd4 59. Kxd4 Ke6 60. Kd3 Kf6 61. Ke3 Kg5 62. Kf3 f4 63. Ke4 h6 64. Kf3 Kf5 65.
Ke2 Ke4 66. Kf2 f3 67. Ke1 Kf4 68. Kf2 h5 0-1

[Event "2. Bundesliga West 2016/17"]
[Site "Maeder"]
[Date "2016.11.27"]
[Round "6"]
[Board "1"]
[White "Krivoborodov, Egor"]
[Black "Dobosz, Henryk"]
[Result "1-0"]
[WhiteElo "2519"]
[BlackElo "2390"]
[PlyCount "87"]
[EventDate "2016.10.28"]
[EventType "team"]
[EventRounds "11"]
[EventCountry "AUT"]
[WhiteTeam "ASK Salzburg"]
[BlackTeam "Bregenz 2"]

1. e4 d6 2. d4 Nf6 3. Nc3 e5 4. Nf3 Nbd7 5. Bc4 Be7 6. O-O O-O 7. Re1 c6 8. a4
a5 9. h3 exd4 10. Nxd4 Nb6 11. Ba2 Nfd7 12. Nf5 Ne5 13. Nxe7+ Qxe7 14. f4 Ng6
15. Be3 Ra6 16. Qd2 Be6 17. Bxe6 fxe6 18. b3 Nc8 19. Rad1 Ra8 20. Rf1 Rf7 21.
g3 Qf8 22. h4 h6 23. h5 Nge7 24. Qg2 d5 25. Qh3 dxe4 26. Nxe4 Nf5 27. Bc5 Qe8
28. g4 Nfe7 29. c4 b6 30. Be3 Ra7 31. Nf2 c5 32. g5 Rf5 33. Ng4 Nc6 34. Rd2 Kh7
35. Rfd1 Rc7 36. g6+ Kg8 37. Ne5 Re7 38. Qg2 Rc7 39. Nxc6 Qxc6 40. Rd8+ Rf8 41.
Qxc6 Rxc6 42. Bc1 Rc7 43. Bb2 Na7 44. R1d7 1-0